MDQL
is popping MORE tags! Check the
thread
!
Quizzes
Events
Quiz Creation
Community
Videos
Private Events
Remove Ads
Sign In
Join for FREE
Feedback
Dark Mode
Quiz Categories
Sports
Geography
Music
Movies
Television
Just For Fun
Miscellaneous
History
Literature
Language
Science
Gaming
Entertainment
Religion
Holiday
For Kids
Quiz Lab
Recent
Popular Today
Quiz Kudos Today
Editor Picks
Curator Picks
Quizzes by...
Day
Popularity
Type
Ratings
Length
Year
Community
Subscriptions
Recent Discussions
Orange Saloon
Badges
Playlists
Quests
Create
Leaderboards
Showdown
Live 5
Trivia Bingo
Activity
Puzzle Library
Sporcle Events
Private Events
Virtual Trivia
Globe League
Become a Host
Pub Owners
SporcleCon
Opinionation
Our Games
Videos
Blog
Mobile Apps
Partnerships
Remove Ads and Go Orange
Feedback
Sports
Athletes
MLB
NBA
NHL
NFL
Soccer
Sports Teams
WWE
NCAA
Football
Premier League
Basketball
Baseball
Hockey
Golf
Tennis
Cricket
Rugby
Auto Racing
Olympics
World Cup
Sports
Athletes
MLB
NBA
NHL
NFL
Soccer
Sports Teams
WWE
NCAA
Football
Premier League
Basketball
Baseball
Hockey
Golf
Tennis
Cricket
Rugby
Auto Racing
Olympics
World Cup
Random Quiz
Search Sporcle
×
Quiz Lab
Quiz Lab
Sports
MLB
Type in answers that appear in a list
Type in answers that appear in a list
Classic
Best Score? Go Orange.
Mets 10 game winners Stats
Can you name the New York Mets pitchers who have won 10 games in a season while with the Mets?
By
Cowtipper
12m
134 Questions
737 Plays
737 Plays
737 Plays
Comments
Comments
Give Quiz Kudos
Give Quiz Kudos
-
- Ratings
hide this ad
More Info
Replay
Link that replays current quiz
Next Quiz
Link to next quiz in quiz playlist
You Got
0%
They Got
Avg Score
74%
Avg Friend Score
Upgrade to see
Score Distribution
Jump to the score distribution portion of the page
Score
0/134
Timer
12:00
0
Plays Today
Year
Pitcher
% Correct
1967
Tom Seaver
99.3%
1968
Tom Seaver
99.3%
1969
Tom Seaver
99.3%
1970
Tom Seaver
99.3%
1971
Tom Seaver
99.3%
1972
Tom Seaver
99.3%
1973
Tom Seaver
99.3%
1974
Tom Seaver
99.3%
1975
Tom Seaver
99.3%
1976
Tom Seaver
99.3%
1984
Dwight Gooden
97.7%
1985
Dwight Gooden
97.7%
1986
Dwight Gooden
97.7%
1987
Dwight Gooden
97.7%
1988
Dwight Gooden
97.7%
1990
Dwight Gooden
97.7%
1991
Dwight Gooden
97.7%
1992
Dwight Gooden
97.7%
1993
Dwight Gooden
97.7%
1984
Ron Darling
95.8%
1985
Ron Darling
95.8%
1986
Ron Darling
95.8%
1987
Ron Darling
95.8%
1988
Ron Darling
95.8%
1989
Ron Darling
95.8%
1968
Jerry Koosman
93.9%
1969
Jerry Koosman
93.9%
1970
Jerry Koosman
93.9%
1972
Jerry Koosman
93.9%
1973
Jerry Koosman
93.9%
1974
Jerry Koosman
93.9%
1975
Jerry Koosman
93.9%
1976
Jerry Koosman
93.9%
1986
Sid Fernandez
92.4%
1987
Sid Fernandez
92.4%
1988
Sid Fernandez
92.4%
1989
Sid Fernandez
92.4%
1992
Sid Fernandez
92.4%
2008
Johan Santana
92.3%
2009
Johan Santana
92.3%
2010
Johan Santana
92.3%
1998
Al Leiter
90.5%
1999
Al Leiter
90.5%
2000
Al Leiter
90.5%
2001
Al Leiter
90.5%
Year
Pitcher
% Correct
2002
Al Leiter
90.5%
2003
Al Leiter
90.5%
2004
Al Leiter
90.5%
1988
David Cone
88.3%
1989
David Cone
88.3%
1990
David Cone
88.3%
1991
David Cone
88.3%
1992
David Cone
88.3%
2005
Pedro Martinez
87.5%
1986
Bob Ojeda
87%
1988
Bob Ojeda
87%
1989
Bob Ojeda
87%
2004
Tom Glavine
85.6%
2005
Tom Glavine
85.6%
2006
Tom Glavine
85.6%
2007
Tom Glavine
85.6%
1994
Bobby Jones
83.6%
1995
Bobby Jones
83.6%
1996
Bobby Jones
83.6%
1997
Bobby Jones
83.6%
2000
Bobby Jones
83.6%
1972
Jon Matlack
81.3%
1973
Jon Matlack
81.3%
1974
Jon Matlack
81.3%
1975
Jon Matlack
81.3%
1976
Jon Matlack
81.3%
1971
Nolan Ryan
79.8%
1990
Frank Viola
77.3%
1991
Frank Viola
77.3%
2000
Mike Hampton
77.2%
1997
Rick Reed
75.4%
1998
Rick Reed
75.4%
1999
Rick Reed
75.4%
2000
Rick Reed
75.4%
2007
Oliver Perez
74.3%
2008
Oliver Perez
74.3%
2007
John Maine
74.2%
2008
John Maine
74.2%
2008
Mike Pelfrey
71.7%
2009
Mike Pelfrey
71.7%
2010
Mike Pelfrey
71.7%
1986
Roger McDowell
71.3%
2001
Steve Trachsel
71.1%
2002
Steve Trachsel
71.1%
2003
Steve Trachsel
71.1%
Year
Pitcher
% Correct
2004
Steve Trachsel
71.1%
2006
Steve Trachsel
71.1%
1994
Bret Saberhagen
70.1%
1985
Rick Aguilera
69.6%
1986
Rick Aguilera
69.6%
1987
Rick Aguilera
69.6%
2010
R.A. Dickey
69.6%
1969
Gary Gentry
68.6%
1971
Gary Gentry
68.6%
1983
Jesse Orosco
68.5%
1984
Jesse Orosco
68.5%
1962
Roger Craig
66.6%
1979
Craig Swan
66.3%
1982
Craig Swan
66.3%
1963
Al Jackson
66.2%
1964
Al Jackson
66.2%
1971
Tug McGraw
57.7%
1978
Pat Zachry
56.4%
1999
Orel Hershiser
46.9%
1984
Walt Terrell
46.5%
1987
Terry Leach
44.2%
2001
Kevin Appier
43.8%
1983
Ed Lynch
43.2%
1985
Ed Lynch
43.2%
2005
Kris Benson
40.4%
1999
Masato Yoshii
39.9%
1983
Mike Torrez
39.3%
1973
George Stone
37.6%
2000
Glendon Rusch
37.6%
1970
Jim McAndrew
37.1%
1972
Jim McAndrew
37.1%
1996
Mark Clark
33.4%
1999
Dennis Cook
31.8%
1964
Jack Fisher
31.5%
1966
Jack Fisher
31.5%
1977
Nino Espinosa
31.1%
1978
Nino Espinosa
31.1%
1976
Skip Lockwood
30.2%
2002
Pedro Astacio
27%
1980
Mark Bomback
24.9%
2010
Hisanori Takahashi
23.4%
1966
Dennis Ribant
14.9%
1964
Tracy Stallard
11.8%
1966
Bob Shaw
8.3%
Quiz Playlist
Details
Report
Send in Message
Add To Playlist
More Info:
Information gleaned from Baseball-Reference.com. The Mets did not have any 10-game winners in 1965 or 1981.
Classic:
Type in answers that appear in a list
Last Updated: Feb 16, 2017
Quiz Scoreboard
CHALLENGE
Sign Up to Join the Scoreboard
Show All
Scores
Hide
Comments
May contain spoilers
Recently Published
1-10 Letter E Words III
by El_Dandy
Language
2m
Street Fighter Characters
by Artimus82
Gaming
60s
College Basketball Coaching Resumes
by pancakes188
Sports
9m
More to Explore
Quiz From the Vault
Featured Blog Post
Where Did the Easter Bunny Come From?
hide this ad
You Might Also Like...
Tags
Baseball Quiz
MLB Quiz
met
New York
New York Mets
Pitchers
season
Winner
Won
Today's Top Quizzes in Sports
Browse Sports
hide this ad
Today's Top Quizzes in MLB
Browse MLB
Top Contributed Quizzes in Sports
1
2022 World Cup Stars
2
Les meilleurs buteurs des matchs entre le PSG et l’OM
3
FIFA Club World Cup Champions
4
Les entraîneurs de l'OM et du PSG au 21e siècle
5
Criteria MLB: Left Handed Sluggers
6
2023 MLB Unique Player Accomplishments
7
AFC Teams Reveal (Wrong Answers Minefield)
8
Players with Multiple 50 Home Run Seasons
9
5-to-1: FBS Animal Nicknames
10
5-to-1: UK Sports Teams
Explore More
Trending Topics
Disney
Marvel
Kpop
Anime
Harry Potter
Crossword
NBA
Song
Country
WWE
NFL
The Office
Puzzle
Pokémon
Soccer
hide this ad
More By:
Cowtipper
Quiz
Plays
Rating
Category
Featured
Created
200 home runs in the 1990s
1,984
4.50
Sports
Aug 25, 2011
Mets With 50 RBI
1,175
4.57
Sports
Mar 29, 2011
Vice Presidents' Wives (Second Ladies)
890
3.67
History
Mar 25, 2011
Mets 10 game winners
737
4.50
Sports
Mar 25, 2011
200 home runs in the 2000s
703
4.88
Sports
Jul 21, 2011
Go to Creator's Profile
Score Distribution
Quiz Creator Spotlight
Cowtipper
Follow
Send a Message
Quizzes Created
-
Created Quiz Play Count
-
More By This Creator
Popular Quizzes Today
1
Find the US States - No Outlines Minefield
2
Find the Countries of Europe - No Outlines Minefield
3
The Countries of the World
4
Find the US States
5
Risky Map Clicking: Biggest States A-Z
6
US States
7
Popular People in 1961
8
Movies - When Are They Set?
More Sports Quizzes
NHL Goalies for Playoff Winners 1968-2023
Quiz Lab
Trending Quizzes
Risky Map Clicking: Least Populous States A-Z
Billboard Blitz: Aretha Franklin
Famous Russians: Author or Composer?
1-10 Letter G Words
Countries of the World: 200 Million BC
Recently Updated
Leaping Animals
pecheneg
Reality TV Shows (A-Z)
bhenderson79
Rickey Henderson's Hall of Fame Teammates
pecheneg
Champions League XIs: Arsenal
pecheneg
Quick Pick: Celebrities in WWE's Hall of Fame
aduchscher
A-Z Keypad Blitz II
pecheneg
Multiple Oscar Actors
pecheneg
Mystery Phrase Blitz: Oscar 'Best Actors'
pecheneg
F. Scott Fitzgerald Novels
LTH
Pick 3 Villains
ddd62291
Trending Topics
NBA
Anime
Harry Potter
Crossword
Disney
Marvel
Kpop
WWE
Soccer
Pokémon
Song
The Office
Puzzle
NFL
Country
Your Account Isn't Verified!
In order to create a playlist on Sporcle, you need to verify the email address you used during registration. Go to your
Sporcle Settings
to finish the process.
Report this User
Report this user for behavior that violates our
Community Guidelines
.
Details:
Send Report
Go to the Sporcle.com Mobile Site →
Comments